Tile Select - SPEEDRUN!!!!!!!!!!!!!! - Statistics

General Stats
  • This quiz has been taken 31 times
  • The average score is 19 of 25
Answer Stats
Question Tile Select % Correct
SELECT EVERYTHING!!!!!!!!!! . Yes
100%
SELECT EVERYTHING!!!!!!!!!! . Yes
100%
SELECT EVERYTHING!!!!!!!!!! . Yes
100%
SELECT EVERYTHING!!!!!!!!!! . Yes
100%
SELECT EVERYTHING!!!!!!!!!! . Yes
100%
SELECT EVERYTHING!!!!!!!!!! . Yes
96%
SELECT EVERYTHING!!!!!!!!!! . Yes
96%
SELECT EVERYTHING!!!!!!!!!! . Yes
96%
SELECT EVERYTHING!!!!!!!!!! . Yes
96%
SELECT EVERYTHING!!!!!!!!!! . Yes
70%
SELECT EVERYTHING!!!!!!!!!! . Yes
70%
SELECT EVERYTHING!!!!!!!!!! . Yes
70%
SELECT EVERYTHING!!!!!!!!!! . Yes
70%
SELECT EVERYTHING!!!!!!!!!! . Yes
65%
SELECT EVERYTHING!!!!!!!!!! . Yes
65%
SELECT EVERYTHING!!!!!!!!!! . Yes
65%
SELECT EVERYTHING!!!!!!!!!! . Yes
61%
SELECT EVERYTHING!!!!!!!!!! . Yes
61%
SELECT EVERYTHING!!!!!!!!!! . Yes
61%
SELECT EVERYTHING!!!!!!!!!! . Yes
61%
SELECT EVERYTHING!!!!!!!!!! . Yes
61%
SELECT EVERYTHING!!!!!!!!!! . Yes
61%
SELECT EVERYTHING!!!!!!!!!! . Yes
57%
SELECT EVERYTHING!!!!!!!!!! . Yes
57%
SELECT EVERYTHING!!!!!!!!!! . Yes
52%
No matching quizzes found
Score Distribution
Percent of People with Each Score
Percentile by Number Answered
Your Score History
You have not taken this quiz